00747nam a2200217Ii 45000010005000000030009000050080041000140400033000550410008000880820014000961100062001102450021001722640044001933000012002373360026002493370028002753380027003039400050003309990017003809520132003973491CO-ViMGA241108s9999||||xx |||||||||||||| ||und|| aCO-ViMGAbspaerdacCO-ViMGA0 aspa04a330 - A751 aAsociación nacional de Instituciones financieras95282410aInflación 1974 1aBogotá, Colombia : Tercer Mundo, 1974 avolumen atextbtxt2rdacontent aunmediatedbn2rdamedia avolumebnc2rdacarrier aidficha_siabuc: 3405. -- ficha_no_siabuc:3491 c47769d47769 001040708001aMEVIGERRbMEVIGERRcGENd2006-11-27o330 - A75pECA453r2024-11-26 09:37:35tEj.1w2024-11-26yBKz3405 | 5030